Loading...

Phosphorite reseatrc and development

Bibliographic Details
Main Author: Notholt, A J G
Other Authors: Jarvis, I
Format: Printed Book
Language:English
Published: London Geological Society 1990
LEADER 00498nam a2200157 a 4500
005 20151028162118.0
008 960221s1955 dcuabcdjdbkoqu001 0deng d
003 ViArRB
082 |a 553.64  |b N0 
100 |a Notholt, A J G  |9 19345 
245 |a Phosphorite reseatrc and development 
700 |a Jarvis, I  |9 19344 
942 |c BK  |6 _ 
260 |a London  |b Geological Society  |c 1990 
999 |c 75333  |d 75333 
952 |0 0  |1 0  |2 ddc  |4 0  |6 55364_N0  |7 0  |9 87880  |a SOS  |b SOS  |d 2010-02-23  |o 553.64 N0  |p MS009009  |r 2013-06-14  |w 2009-07-13  |y BK